000 00240as aa2200097a 44500
090 _aSERIADAS
_b01002
245 1 0 _aTrends in Ecology and Evolution
260 _bElsevier Trends Journals
_aEstados Unidos
041 0 _aInglés
942 _cREVISTA
999 _c17157
_d17157